000 00469nam a2200181Ia 4500
001 12976
005 20260306163020.0
008 260306t2008||||xx |||||||||||||| ||spa||
041 _aESP
082 _aRD 498.513
_bM61 2008
100 _a[Editor no identificado]
_eAUT
245 0 _aMini Diccionario:
_bespañol - quechua, quechua - español
260 _c2008
300 _a207 páginas :
_c14 cm.
650 _aGEN
654 _aCHU
942 _cDIC
_dJUS
_fJUS
_2ddc
_n
999 _c12976
_d12976